| 000 | 00503nam a22001937a 4500 | ||
|---|---|---|---|
| 999 |
_c6593 _d6593 |
||
| 003 | OSt | ||
| 005 | 20200206090510.0 | ||
| 008 | 200206b ||||| |||| 00| 0 eng d | ||
| 020 | _a0851989012 | ||
| 040 | _cDDC | ||
| 082 | _a635ARM 1994 | ||
| 100 |
_aArmitage,M.Allan; _913567 |
||
| 245 | _aOrnamental Bedding Plants. | ||
| 260 |
_aUSA; _bCAB International, _c1994. |
||
| 300 |
_avi,175p; _bill; _c22cm. |
||
| 504 | _aIncludes references and index. | ||
| 650 |
_aBiology. _95602 |
||
| 942 |
_2ddc _cO_SHELF |
||